| 000 | 01041nam a2200301 a 4500 | ||
|---|---|---|---|
| 005 | 20240506104427.0 | ||
| 008 | 101001t2012||||mx a |||||||||||||spa d | ||
| 020 | _a9786077743736 | ||
| 041 | _aspa | ||
| 092 |
_c611 _l31 _sGUZ |
||
| 100 | 1 |
_aGuzmán López, Santos _93748 |
|
| 245 |
_aAnatomía humana en casos clínicos. _bAprendizaje basado en el razonamiento clínico / _cSantos Guzmán López |
||
| 250 | _a2a ed. | ||
| 260 |
_aMéxico: _bEditorial Medica Panamericana; _c2012. |
||
| 300 |
_a228 p. _bil. _c28 cm. |
||
| 500 | _aGuzmán López, S. y Elizondo-Omañan, R. E. (2012). Anatomía humana en casos clínicos. Aprendizaje basado en el razonamiento clínico. (2a ed.). México : Editorial Médica Panamericana. | ||
| 653 | _aDorso | ||
| 653 | _aExtremidad superior | ||
| 653 | _aExtremidad inferior | ||
| 653 | _aTórax | ||
| 653 | _aAbdomen | ||
| 653 | _aPelvis | ||
| 653 | _aCuello | ||
| 653 | _aCabeza | ||
| 653 | _aSistema nervioso central | ||
| 700 | 1 |
_aElizondo-Omañan, Rodrigo E. _93749 |
|
| 942 |
_2ddc _cBK |
||
| 999 |
_c2159 _d2159 |
||